Planning and implementing pedestrian facilities in suburban and developing rural areas : state-of-the-art report /

Bibliographic Details
Corporate Author: National Research Council (U.S.). Transportation Research Board
Other Authors: Smith, S. A. (Steven Avery), 1949-
Format: Book
Language:English
Published: Washington, D.C. : Transportation Research Board, National Research Council, [1987]
Series:Report (National Cooperative Highway Research Program) ; 294B.
Subjects:

MARC

Tag First Indicator Second Indicator Subfields
LEADER 00000cam a2200000 a 4500
001 in00000008683
005 20151003080024.0
008 870917s1987 dcuab b 00000 eng d
010 |a  87050560  
020 |a 0309044189 (pbk.) :  |c $12.40 
035 |a (OCoLC)16704053 
035 |9 AAA1082AM 
040 |a CBT  |c CBT  |d CRD  |d IXA  |d TXA  |d UtOrBLW 
050 4 |a TE7  |b .N25 no. 294B 
245 0 0 |a Planning and implementing pedestrian facilities in suburban and developing rural areas :  |b state-of-the-art report /  |c S.A. Smith [and others]. 
264 1 |a Washington, D.C. :  |b Transportation Research Board, National Research Council,  |c [1987] 
300 |a 165 pages :  |b illustrations, maps ;  |c 28 cm. 
336 |a text  |b txt  |2 rdacontent 
337 |a unmediated  |b n  |2 rdamedia 
338 |a volume  |b nc  |2 rdacarrier 
490 1 |a National Cooperative Highway Research Program report,  |x 0077-5614 ;  |v 294B 
500 |a "Research sponsored by the American Association of State Highway and Transportation Officials in cooperation with the Federal Highway Administration." 
500 |a "June 1987." 
504 |a Bibliography: pages 158-165. 
650 0 |a Pedestrian facilities design. 
650 0 |a Pedestrian areas  |x Planning. 
700 1 |a Smith, S. A.  |q (Steven Avery),  |d 1949- 
710 2 |a National Research Council (U.S.).  |b Transportation Research Board. 
830 0 |a Report (National Cooperative Highway Research Program) ;  |v 294B. 
999 |a MARS 
999 f f |s 220dbad6-3c76-36a9-85e1-9d68e8e819b7  |i da97ee5c-01d2-389b-ad21-a58538611e74  |t 0 
952 f f |p ric  |a Texas A&M University  |b Rellis Campus  |c Joint Library Facility  |d Remote Storage  |t 0  |e TE7 .N25 no.294B  |h Library of Congress classification  |i unmediated -- volume  |m A14824002495 
952 f f |p default  |a Texas A&M University  |b College Station  |c Sterling C. Evans Library  |d Evans: Microforms (3rd floor)  |t 0  |e fiche S 746 no.294B  |h Other scheme  |i unmediated -- volume 
998 f f |a TE7 .N25 no.294B  |t 0  |l Remote Storage 
998 f f |a fiche S 746 no.294B  |t 0  |l Evans: Microforms (3rd floor)